01713cam a22003375a 4500999001700000001000900017003000900026005001700035008004100052020001800093020001500111040003900126082002000165100003600185245012600221264004700347264001000394300004500404336002600449337002800475338002700503500002000530520051500550650003401065650004101099651001001140653003401150655002401184942001201208952015501220 c19681d1965317959725EG-ScBUE20201128021309.0131202t2014 nyua f 001 0 eng d a9780071825009 a0071825002 aDLCbengerdacDLCdDLCdEG-ScBUE 04a808.51bHOO2221 aHoogterp, Bill,eauthor.93860210aYour perfect presentation :bspeak in front of any audience anytime anywhere and never be nervous again /cBill Hoogterp. 1aNew York :bMcGraw-Hill Education,c[2014] 4cc2014 axiv, 269 pages :cillustrations ;b23 cm 2rdacontentatextbtxt 2rdamediaaunmediatedbn 2rdacarrieravolumebnc aIncludes index. aPublic speaking coach to the C-suite Bull Hoogterp shows you proven tips, techniques, and exercises to amplify your effectiveness as a speaker and communicator. He explains how the brain processes information, what people respond to, and how to hold the audience in the palm of your hand. Great public speaking can be learned. Hoogterp's unique method turns fear into fun and shows you how to be your natural, authentic, unique self - and deliver your perfect presentation for any audience each and every time. 7aPublic speaking.2BUEsh91867 7aBusiness presentations.2BUEsh93717 2BUEsh bBUSADMcJune2015cOctober2015 vReading book934232 2ddccBB 00102ddc40708AlahramaMAINbMAINc2NDd2015-06-16ePurchaseg165.00h338l1m8o808.51 HOOp000038622r2025-07-15 00:00:00s2021-12-13v206.25yBB